[Event "Calvia Amateur op 19th"]
[Site "Calvia"]
[Date "2022.10.15"]
[Round "8"]
[White "Becerra, Juan David"]
[Black "Aguado Doncel, Pablo Luis"]
[Result "1-0"]
[WhiteElo "2296"]
[BlackElo "2174"]
[PlyCount "125"]
[EventDate "2022.10.08"]
[EventType "swiss"]
[EventRounds "9"]
[EventCountry "ESP"]
[SourceTitle "CBM 210 Extra"]
[Source "ChessBase"]
[SourceDate "2022.11.30"]
[SourceVersion "1"]
[SourceVersionDate "2022.11.30"]
[SourceQuality "1"]

1. d4 d5 2. c4 e6 3. Nc3 Nf6 4. cxd5 exd5 5. Bg5 c6 6. e3 Bd6 7. Bd3 0-0 8. Nge2 Re8 9. Qc2 h6 10. Bh4 a5 11. h3 Na6 12. a3 Nc7 13. 0-0 Ne6 14. f3 Ng5 15. f4 Ne6 16. Rf3 g5 17. fxg5 hxg5 18. Raf1 Be7 19. Bg3 g4 20. Rf5 Ng7 21. Rg5 Ne4 22. Rxg7+ Kxg7 23. Bxe4 dxe4 24. Qxe4 Bd6 25. Rxf7+ Kxf7 26. Qh7+ Kf8 27. Nf4 Qf6 28. Ng6+ Qxg6 29. Qxg6 Bxg3 30. Qf6+ Kg8 31. Qg6+ Kf8 32. Ne4 Rxe4 33. Qxe4 Bd7 34. hxg4 Bd6 35. Qh7 Rd8 36. g5 Be6 37. e4 Be7 38. Qh6+ Kf7 39. Qh5+ Kg7 40. Qh6+ Kf7 41. g6+ Ke8 42. Qh8+ Kd7 43. Qe5 Bd6 44. Qxa5 Rg8 45. Qh5 Bc4 46. b3 Bxb3 47. d5 Bc5+ 48. Kh2 Bd6+ 49. Kh1 Rf8 50. g3 Bc2 51. Qh7+ Kd8 52. g7 Re8 53. g8Q Bxe4+ 54. Qxe4 Rxg8 55. Qe6 Rh8+ 56. Kg2 Kc7 57. Qf7+ Kc8 58. dxc6 bxc6 59. a4 Rd8 60. a5 Bc7 61. a6 Rd2+ 62. Kh3 Rd7 63. Qxd7+ 1-0

[Event "ESP-ch States U16"]
[Site "Isla"]
[Date "2022.06.26"]
[Round "6"]
[White "Aguado Doncel, Pablo Luis"]
[Black "Periotto Miori, Fabrizio Lautaro"]
[Result "1-0"]
[WhiteElo "2157"]
[BlackElo "1975"]
[PlyCount "51"]
[EventDate "2022.06.23"]
[EventType "swiss"]
[EventRounds "6"]
[EventCountry "ESP"]
[SourceTitle "EXT 2023"]
[Source "ChessBase"]
[SourceDate "2022.10.05"]
[SourceVersion "1"]
[SourceVersionDate "2022.10.05"]
[SourceQuality "1"]

1. d4 Nf6 2. c4 g6 3. Nc3 Bg7 4. e4 d6 5. Nf3 0-0 6. Be2 e5 7. d5 Na6 8. Nd2 h5 9. Rb1 Bh6 10. b4 c6 11. 0-0 Nh7 12. c5 dxc5 13. Bxa6 cxb4 14. Rxb4 bxa6 15. dxc6 a5 16. Rb1 Ba6 17. Nf3 Bxc1 18. Qxd8 Rfxd8 19. Rfxc1 f6 20. Nd5 Bd3 21. c7 Re8 22. Rb3 Ba6 23. Rc6 a4 24. Rb2 Bc8 25. Rb8 Bd7 26. Rxa8 1-0

[Event "ESP-ch States U16"]
[Site "Isla"]
[Date "2022.06.23"]
[Round "2"]
[White "Aguado Doncel, Pablo Luis"]
[Black "Macias Pino, Diego"]
[Result "1/2-1/2"]
[WhiteElo "2157"]
[BlackElo "2356"]
[PlyCount "118"]
[EventDate "2022.06.23"]
[EventType "swiss"]
[EventRounds "6"]
[EventCountry "ESP"]
[SourceTitle "EXT 2023"]
[Source "ChessBase"]
[SourceDate "2022.10.05"]
[SourceVersion "1"]
[SourceVersionDate "2022.10.05"]
[SourceQuality "1"]

1. d4 Nf6 2. c4 e6 3. Nc3 Bb4 4. e3 0-0 5. Bd3 d5 6. cxd5 exd5 7. a3 Bd6 8. Qc2 c6 9. Nge2 Re8 10. Bd2 b6 11. b4 a5 12. Rb1 axb4 13. axb4 b5 14. f3 Qe7 15. 0-0 Na6 16. Na2 Ne4 17. fxe4 dxe4 18. Nac1 exd3 19. Nxd3 Qe4 20. Qc3 Be6 21. Nf2 Qh4 22. g3 Qh5 23. Nf4 Bxf4 24. exf4 Bd5 25. Rfe1 f6 26. Rxe8+ Rxe8 27. Re1 Rxe1+ 28. Bxe1 Qe2 29. Bd2 Kf7 30. Qd3 Qe7 31. Qxh7 Nxb4 32. Ng4 Na2 33. Nh6+ Ke6 34. Nf5 Be4 35. Nxe7 Bxh7 36. Nxc6 Kd5 37. Nb4+ Nxb4 38. Bxb4 Kc4 39. Bd2 Kd3 40. Bb4 Kc4 41. Bd2 b4 42. d5 b3 43. Bc1 Kxd5 44. Bb2 Ke4 45. Kf2 Bf5 46. Ke2 Be6 47. Ba1 Bc4+ 48. Kd2 Kf3 49. Kc3 Be6 50. Kd2 Bc4 51. Kc3 Be2 52. Kd2 Kf2 53. Bd4+ Kf1 54. h3 Bc4 55. g4 Kg2 56. g5 fxg5 57. fxg5 g6 58. Kc3 Be6 59. Kb2 Kxh3 1/2-1/2

[Event "Colonia de Sant Jordi 1st"]
[Site "Colonia de Sant Jordi"]
[Date "2022.06.04"]
[Round "2"]
[White "Aguado Doncel, Pablo Luis"]
[Black "Lin, Ying Rui"]
[Result "0-1"]
[WhiteElo "2157"]
[BlackElo "2350"]
[PlyCount "70"]
[EventDate "2022.06.03"]
[EventType "tourn"]
[EventRounds "9"]
[EventCountry "ESP"]
[EventCategory "3"]
[SourceTitle "CBM 208 Extra"]
[Source "ChessBase"]
[SourceDate "2022.07.31"]
[SourceVersion "1"]
[SourceVersionDate "2022.07.31"]
[SourceQuality "1"]

1. d4 Nf6 2. c4 g6 3. Nc3 d5 4. cxd5 Nxd5 5. e4 Nxc3 6. bxc3 Bg7 7. Nf3 c5 8. Bb5+ Nc6 9. d5 Qa5 10. Rb1 a6 11. Bxc6+ bxc6 12. 0-0 0-0 13. dxc6 Be6 14. Bf4 Bc4 15. Re1 Rad8 16. Qc1 Bd3 17. Rb7 Qa4 18. c7 Rc8 19. Qe3 Qc6 20. Rb8 c4 21. Nd4 Qd7 22. Nf3 Bxc3 23. Rd1 Qa4 24. Rc1 Qa5 25. Ng5 h5 26. Qh3 Rxb8 27. cxb8Q Rxb8 28. Bxb8 Qxg5 29. Rxc3 Qd2 30. Qc8+ Kh7 31. h3 Qxc3 32. Qf8 Qf6 33. f4 c3 34. Kh2 c2 35. Qc8 Qe6 0-1

[Event "EU-ch Hybrid U16"]
[Site "Tornelo INT"]
[Date "2021.10.15"]
[Round "2"]
[White "Aguado Doncel, Pablo Luis"]
[Black "Prokofiev, Valentyn"]
[Result "1/2-1/2"]
[WhiteElo "2135"]
[BlackElo "2275"]
[PlyCount "152"]
[EventDate "2021.10.15"]
[EventType "swiss"]
[EventRounds "9"]
[EventCountry "NET"]
[SourceTitle "EXT 2023"]
[Source "ChessBase"]
[SourceDate "2022.10.05"]
[SourceVersion "1"]
[SourceVersionDate "2022.10.05"]
[SourceQuality "1"]
[WhiteTeam "Spain"]
[BlackTeam "Ukraine"]
[WhiteTeamCountry "ESP"]
[BlackTeamCountry "UKR"]

1. d4 Nf6 2. c4 g6 3. Nc3 Bg7 4. e4 d6 5. Nf3 0-0 6. Be2 e5 7. d5 a5 8. Bg5 h6 9. Bh4 Na6 10. Nd2 Bd7 11. 0-0 Qe8 12. b3 Nh7 13. a3 h5 14. f3 Bh6 15. Rb1 Be3+ 16. Kh1 Bc5 17. Nb5 Rc8 18. Ra1 c6 19. Nc3 Bd4 20. Rc1 Bxc3 21. Rxc3 c5 22. f4 exf4 23. Rxf4 Qe5 24. Rff3 g5 25. Bg3 Qe7 26. e5 dxe5 27. Rfe3 h4 28. Bxe5 f5 29. Bf3 Rfe8 30. d6 Qf7 31. Bxb7 f4 32. Re1 h3 33. gxh3 Rb8 34. Bd5 Be6 35. Bxe6 Rxe6 36. Nf3 Rd8 37. Qd5 Nb8 38. Qxc5 Nd7 39. Qd4 Nxe5 40. Nxe5 Qb7+ 41. Qd5 Qxd5+ 42. cxd5 Rexd6 43. Nc6 R8d7 44. Rc5 Nf6 45. Rxa5 Nxd5 46. Rxd5 Rxd5 47. Ne7+ Rxe7 48. Rxe7 Rd1+ 49. Kg2 Rd2+ 50. Kg1 Rd1+ 51. Kf2 Rd3 52. Rb7 Rd2+ 53. Kf3 Rxh2 54. Kg4 Rg2+ 55. Kh5 g4 56. hxg4 f3 57. Rb4 f2 58. Rf4 Rg3 59. Rxf2 Rxb3 60. Ra2 Rb5+ 61. g5 Kg7 62. Rc2 Rb7 63. a4 Ra7 64. Rc4 Kh7 65. Rb4 Kg7 66. Rf4 Ra5 67. Rb4 Ra7 68. Kg4 Kg6 69. Kf4 Ra5 70. Rb6+ Kg7 71. Rb4 Kg6 72. Kf3 Rf5+ 73. Rf4 Rc5 74. Rb4 Rf5+ 75. Rf4 Rc5 76. Rb4 Rf5+ 1/2-1/2

[Event "EU-ch Hybrid U16"]
[Site "Tornelo INT"]
[Date "2021.10.15"]
[Round "9"]
[White "Garrido Outon, Alex"]
[Black "Aguado Doncel, Pablo Luis"]
[Result "1-0"]
[WhiteElo "2433"]
[BlackElo "2135"]
[PlyCount "73"]
[EventDate "2021.10.15"]
[EventType "swiss"]
[EventRounds "9"]
[EventCountry "NET"]
[SourceTitle "EXT 2023"]
[Source "ChessBase"]
[SourceDate "2022.10.05"]
[SourceVersion "1"]
[SourceVersionDate "2022.10.05"]
[SourceQuality "1"]
[WhiteTeam "Spain"]
[BlackTeam "Spain"]
[WhiteTeamCountry "ESP"]
[BlackTeamCountry "ESP"]

1. e4 c5 2. Nf3 Nc6 3. d4 cxd4 4. Nxd4 g6 5. c4 Nf6 6. Nc3 Nxd4 7. Qxd4 d6 8. Be2 Bg7 9. Be3 0-0 10. Qd3 a5 11. 0-0 Bd7 12. b3 Bc6 13. Rac1 Nd7 14. f3 Nc5 15. Qd2 Be5 16. Rfd1 e6 17. Bf1 Qh4 18. g3 Qe7 19. Nb5 Rfd8 20. Nd4 Bxd4 21. Qxd4 e5 22. Qd2 f5 23. Bg5 Qf8 24. Bxd8 Rxd8 25. Bg2 fxe4 26. fxe4 Nxe4 27. Qe3 Nc5 28. Bd5+ Bxd5 29. Rxd5 Ne6 30. Rf1 Qe7 31. Rxa5 Nd4 32. Qe4 Rf8 33. Rxf8+ Kxf8 34. Ra8+ Kg7 35. Ra7 Kf6 36. Rxb7 Qf8 37. Rxh7 1-0

[Event "ESP-ch U18"]
[Site "Salobrena"]
[Date "2021.07.30"]
[Round "7"]
[White "Jimenez Fernandez, Rebeca"]
[Black "Aguado Doncel, Pablo Luis"]
[Result "0-1"]
[WhiteElo "1905"]
[BlackElo "2129"]
[PlyCount "68"]
[EventDate "2021.07.26"]
[EventType "swiss"]
[EventRounds "9"]
[EventCountry "ESP"]
[SourceTitle "CBM 203 Extra"]
[Source "ChessBase"]
[SourceDate "2021.09.30"]
[SourceVersion "1"]
[SourceVersionDate "2021.09.30"]
[SourceQuality "1"]

1. e4 c5 2. Nf3 d6 3. d4 cxd4 4. Nxd4 Nf6 5. Nc3 g6 6. Be3 Bg7 7. f3 0-0 8. Qd2 Nc6 9. 0-0-0 Bd7 10. h4 Ne5 11. Bh6 Rc8 12. g4 Bxh6 13. Qxh6 Rxc3 14. bxc3 Qa5 15. Qe3 Qxa2 16. Kd2 Rc8 17. Be2 Qa5 18. Ra1 Qc7 19. Rxa7 d5 20. g5 Neg4 21. fxg4 Nxe4+ 22. Kc1 Nxc3 23. Ra3 Nxe2+ 24. Qxe2 e5 25. Kb2 exd4 26. Rha1 Bxg4 27. Qd2 Qb6+ 28. Rb3 Qc6 29. Rba3 b6 30. Rc1 Qc4 31. Rb3 Bf5 32. Qb4 d3 33. Qxc4 dxc4 34. cxd3 cxb3 0-1